Dân tộc học đại cương
Đối tượng nghiên cứu, lịch sử hình thành, các tiêu chí để xác định tộc người và các loại hình cộng đồng người các vấn đề chung của xã hội nguyên thuỷ, các hình thái tôn giáo sơ khai của dân tộc học nói chung và dân tộc học Việt Nam nói riêng...
Gorde:
| Beste egile batzuk: | , |
|---|---|
| Formatua: | Liburua |
| Hizkuntza: | Vietnamese |
| Argitaratua: |
H.
Giáo dục
1997
|
| Edizioa: | Tái bản lần 1 |
| Gaiak: | |
| Etiketak: |
Etiketa erantsi
Etiketarik gabe, Izan zaitez lehena erregistro honi etiketa jartzen!
|
| Thư viện lưu trữ: | Mạng thư viện Đại học Đà Nẵng |
|---|
| LEADER | 01445nam a2200337 4500 | ||
|---|---|---|---|
| 001 | 000015464 | ||
| 003 | 11844 | ||
| 005 | 20120919090947.0 | ||
| 008 | 120529s1997 viesd | ||
| 020 | |c 13100đ | ||
| 041 | 0 | |a vie | |
| 082 | |a 305.8 |b Dân | ||
| 245 | 0 | |a Dân tộc học đại cương |c Lê Sỹ Giáo(Cb), Hoàng Lương, Lâm Bá Nam, Lê Ngọc Thắng | |
| 250 | |a Tái bản lần 1 | ||
| 260 | |a H. |b Giáo dục |c 1997 | ||
| 300 | |a 210 tr. |c 19 cm | ||
| 520 | |a Đối tượng nghiên cứu, lịch sử hình thành, các tiêu chí để xác định tộc người và các loại hình cộng đồng người các vấn đề chung của xã hội nguyên thuỷ, các hình thái tôn giáo sơ khai của dân tộc học nói chung và dân tộc học Việt Nam nói riêng | ||
| 653 | |a Dân tộc học | ||
| 653 | |a Đại cương | ||
| 700 | |a Lê Sỹ Giáo |e Chủ biên | ||
| 700 | |a Hoàng Lương |a Lâm Bá Nam |a Lê Ngọc Thắng |e Biên soạn | ||
| OWN | |a LSP | ||
| AVA | |a UDN50 |b LSP |d 305.8 Dân |e check_holdings |t Error 5003 Not defined in file expand_doc_bib_avail. |h N |k 1 | ||
| 999 | |a From the UDN01 | ||
| AVA | |a UDN50 |b LSP |d 305.8 Dân |e available |t Error 5001 Not defined in file expand_doc_bib_avail. |f 115 |g 4 |h N |i 68 |k 1 | ||
| TYP | |a Monograph | ||
| TYP | |a Printed language | ||
| 980 | |a Mạng thư viện Đại học Đà Nẵng | ||